Meditaciones. Soliloquios. Manual. Suspiros.
Saved in:
| Main Author: | |
|---|---|
| Other Authors: | , |
| Format: | Book |
| Published: |
Madrid, España:
Aguilar,
1958.
|
| Edition: | Tercera edición. |
| Series: | Colección Crisol,
148. |
| Subjects: | |
| Tags: |
Add Tag
No Tags, Be the first to tag this record!
|
MARC
| LEADER | 00000nam a2200000 a 4500 | ||
|---|---|---|---|
| 001 | UCW8789 | ||
| 003 | CL-VaPUC | ||
| 005 | 20230911110708.0 | ||
| 008 | 220622b1958 ||||| |||| 00| 0 eng d | ||
| 999 | |c 436205 |d 436203 | ||
| 040 | |c Pontificia Universidad Católica de Valparaíso | ||
| 082 | 0 | 7 | |a 189.2 AGU 1958 |2 21 |
| 100 | |a San Agustín de Hipona |x Teólogo y filósofo cristiano |9 311590 | ||
| 245 | 1 | 0 | |a Meditaciones. |b Soliloquios. Manual. Suspiros. |
| 250 | |a Tercera edición. | ||
| 260 | |a Madrid, España: |b Aguilar, |c 1958. | ||
| 300 | |a 504 páginas | ||
| 490 | |a Colección Crisol, |v 148. | ||
| 500 | |a c.1 Donación Familia Prof. Alejandro Guzmán Brito. | ||
| 583 | |a last modification |c 19881027 00:00:00 |k Cristina María Rojas Aguilar | ||
| 600 | 0 | |a San Agustín de Hipona |x Teólogo y filósofo cristiano |d 354-430 |9 311590 | |
| 650 | 0 | |a Santos cristianos |x Meditaciones |9 559316 | |
| 650 | |a Cristianismo |x Devociones |9 871139 | ||
| 700 | |a Montesino, Ambrosio |e traducción |e introducción |9 352782 | ||
| 700 | |a Riber, Lorenzo |e preparación |e prólogo |9 871140 | ||
| 942 | |c BK |2 ddc |n 0 | ||
| 952 | |0 0 |1 0 |2 ddc |4 0 |6 189_200000000000000_AGU_1958 |7 0 |8 C_AGB |9 583944 |a BIBDER |b BIBDER |d 2022-06-22 |e Donación |i 5652032 |o 189.2 AGU 1958 |p 5652032 |r 2023-01-25 |t 1 |w 2022-06-22 |y BK_US |k AGB | ||